Informatika 2 Softvér

Bibliographic Details
Main Author: Kultan, Jaroslav, 1960- (Author)
Format: Book
Language:Slovak
PhysicalDescription:204 strán fotografie, grafy, ilustrácie, schémy, tabuľky 26 cm
Published: [Bratislava] 5V, o.z. 2024
ISBN:9788097486006
9788097486013
Edition:Vydanie: prvé
Subjects:

MARC

LEADER 00000nam a2200000 4500
001 vtls012263920
003 SK-MaSNL
005 20260301060858.0
008 240920s2024 xo odalfrnp 000 0dslo
015 |a SNBA2024/10 
020 |a 9788097486006  |q (brožované) 
020 |a 9788097486013  |q (online) 
040 |a SNK  |b slo  |c SNK  |e rda 
041 0 |a slo 
044 |a xo  |c SK 
072 7 |a 004  |x Počítačová veda. Výpočtová technika. Informačné technológie  |2 konspekt 
072 7 |a 37.016  |x Učebné osnovy. Vyučovacie predmety. Učebnice  |2 konspekt 
080 |a 007+004  |2 2011 
080 |a 004.3  |2 2011 
080 |a 004  |2 2011 
080 |a (075.8)  |2 2011 
100 1 |a Kultan, Jaroslav,  |d 1960-  |4 aut  |9 10770 
245 1 0 |a Informatika  |n 2  |p Softvér  |c Jaroslav Kultan, Peter Schmidt 
246 3 0 |a Softvér 
250 |a Vydanie: prvé 
264 1 |a [Bratislava]  |b 5V, o.z.  |c 2024 
300 |a 204 strán  |b fotografie, grafy, ilustrácie, schémy, tabuľky  |c 26 cm 
336 |a text  |b txt  |2 rdacontent 
337 |a bez média  |b n  |2 rdamedia 
338 |a zväzok  |b nc  |2 rdacarrier 
366 |e 120 kusov 
500 |a Obsahuje profesijné údaje o autoroch 
500 |a Obsahuje slovník 
500 |a Obsahuje poznámky pod čiarou 
500 |a Miesto vydania podľa NA ISBN 
500 |a Obsahuje zoznam obrázkov 
500 |a Obsahuje zoznam tabuliek 
500 |a Na obálke hore uvedené: Vzdelávanie Veda Výskum Vývoj Výroba 
504 |a Obsahuje bibliografiu na strane 202-204 
650 0 7 |a informatika  |2 SNKPH  |9 1124 
650 0 7 |a Informatics  |2 SNKPHeng  |9 267334 
650 0 7 |a Software  |2 SNKPHeng  |9 319938 
650 0 7 |a Information technology  |2 SNKPHeng  |9 266458 
650 0 7 |a softvér  |2 SNKPH  |9 1223 
650 0 7 |a informačné technológie  |2 SNKPH  |9 1527 
655 7 |a učebnice vysokých škôl  |2 SNKPH  |9 70191 
655 7 |a Textbooks (higher)  |2 SNKPHeng  |9 276436 
700 1 |a Kultan, Jaroslav,  |d 1960-  |4 aut  |9 10770 
852 |a Slovenská národná knižnica 
919 |a 978-80-974860-0-6 
919 |a 978-80-974860-1-3 
954 |a odborná, vedecká literatúra pôvodná (slovenská)  |2 lita 
958 |a NB 
999 |c 616416  |d 618346 
952 |a SNK  |b SNK  |y PREZ  |7 0  |p 17A1552560  |o snkSB 100737  |i snk2024/14564  |8 0  |0 0  |1 0  |4 0  |d 2024-09-20  |f 1  |l 0  |r 2025-05-19 00:00:00  |w 2026-02-23 
952 |a SNK  |b SNK  |y VYP  |7 0  |p 17A1552561  |o snkSB 100737 D1  |i snk2024/14566  |8 0  |0 0  |1 0  |4 0  |d 2024-09-20  |l 0  |r 2026-02-23 16:39:04  |w 2026-02-23 
952 |t snkKUL 004  |a SNKUST  |b SNKUST  |y PREZ  |7 0  |p 17A1552564  |o snkSB 100737 D2  |i snk2024/14567  |8 1  |0 0  |1 0  |4 0  |d 2024-09-20  |l 0  |r 2026-02-23 16:39:04  |w 2026-02-23